000 00739nam a2200205Ia 4500
999 _c40156
_d40156
001 6762
003 GE_BSU
005 20200207173255.0
008 181216s1986||||ge |||||||||||||| ||geo||
040 _cGE_BSU
041 _ageo
080 _a82-93:821.353.1-32 გ-59
100 _aგოგებაშვილი, იაკობ.
_96918
245 _aსაგანძური /
_cიაკობ გოგებაშვილი ; შეადგინა ვ. რამიშვილმა
250 _aმეორე გამოცემა
264 _aთბილისი :
_bგანათლება,
_c1986.
300 _a446 გვ. ;
_c22 სმ.
653 _aსაგანძური
942 _cBK
_2udc